Search the Library Catalogue
| 000 -LEADER | |
|---|---|
| fixed length control field | 00517nam a22001577a 4500 |
| 008 - FIXED-LENGTH DATA ELEMENTS--GENERAL INFORMATION | |
| fixed length control field | 260409b |||||||| |||| 00| 0 eng d |
| 020 ## - INTERNATIONAL STANDARD BOOK NUMBER | |
| ISBN | 9780230240155 |
| Paper back/Hardbound | hbk |
| 041 ## - LANGUAGE CODE | |
| Language code of text/sound track or separate title | Eng |
| 082 ## - DEWEY DECIMAL CLASSIFICATION NUMBER | |
| Classification number | 351 BOU |
| 100 ## - MAIN ENTRY--AUTHOR NAME | |
| Personal name | Bouckaert, Geert |
| 245 ## - TITLE STATEMENT | |
| Title | The coordination of public sector organizations |
| Sub Title | : Shifting patterns of public management |
| Statement of responsibility, etc | \ by Geert Bouckaert, B. Guy Peters and Koen Verhoest |
| 250 ## - EDITION STATEMENT | |
| Edition statement | 1st ed. |
| 260 ## - PUBLICATION, DISTRIBUTION, ETC. (IMPRINT) | |
| Place of publication | Basingstoke |
| Name of publisher | Palgrave Macmillan |
| Year of publication | 2010 |
| 942 ## - ADDED ENTRY ELEMENTS (KOHA) | |
| Koha item type | English Books |
No items available.